000 00523nam a2200217 a 4500
001 BRL_650
005 20190320210833.0
008 190913s1986----mx-####d##---#000-0#spa-#
020 _a968131722X
041 _aspa
044 _amx
050 4 _aPQ7297
_b.A48 1986
100 1 _aÁlvarez Boyd, Sandra
_924523
245 1 0 _aMixitle
_cSandra Álvarez Boyd.
260 _aMéxico
_bDiana
_c1986
300 _a217 p.
_c21 cm.
500 _aAu749
650 1 4 _aLiteratura mexicana
_910506
902 _aGRL
942 _2lcc
_cB
999 _c9462
_d9462